|
|
|
|
| LEADER |
01034nam a2200265 a 4500 |
| 001 |
2524982 |
| 008 |
091011s1993 it a b 001 0 eng d |
| 010 |
|
|
|a 93038251
|
| 020 |
|
|
|a 0852551460 (cloth)
|
| 020 |
|
|
|a 0852551452 (paper)
|
| 020 |
|
|
|a 0435080970 (Heinemann cloth)
|
| 040 |
|
|
|a DLC
|c DLC
|d DLC
|
| 082 |
0 |
0 |
|a 363.8/83
|2 20
|
| 245 |
0 |
0 |
|a World food aid :
|b experiences of recipients & donors /
|c edited by John Shaw & Edward Clay.
|
| 260 |
|
|
|a Rome :
|b World Food Programme ;
|a London :
|b James Currey ;
|a Portsmouth, N.H. :
|b Heinemann,
|c 1993.
|
| 300 |
|
|
|a xii, 244 p. :
|b ill. ;
|c 24 cm.
|
| 504 |
|
|
|a Includes bibliographical references and index.
|
| 541 |
1 |
|
|e 00006490
|
| 650 |
|
0 |
|a Food relief.
|
| 650 |
|
0 |
|a International relief.
|
| 700 |
1 |
|
|a Shaw, D. John.
|
| 700 |
1 |
|
|a Clay, Edward J.
|
| 852 |
4 |
|
|a Ayesha Abed Library
|j General Shelf.
|
| 999 |
|
|
|c 4393
|d 4393
|
| 952 |
|
|
|0 0
|1 0
|2 ddc
|4 0
|6 363_883000000000000_WOR_1993
|7 0
|9 4093
|a BRACUL
|b BRACUL
|c GEN
|d 2009-10-11
|g 3920.00
|l 0
|o 363.883 WOR
|p 3010006490
|r 2009-10-11
|t 1
|w 2009-10-11
|y BK
|